000 00662nam a22002297a 4500
005 20170124110214.0
010 _a696313
020 _c00.00
035 _a696313
037 _bCen Lib/Ret
040 _aDPL
_bEN
082 _a025.5
_bFOS
100 _aFoskett, D. J.
_938714
245 _aInformation service in libraries /
_cby D. J. Foskett
260 _bCrosby Lockwood and Sons
_aLondon
_c1962
270 _bLondon
_a26 Old Brompton Raod
300 _avii,142p.
_c20cm(Hb)
500 _aIncludes index
650 _aReference services (Libraries)
_938715
650 _aReference services
_91406
942 _2ddc
_cEN
_h025.5
_mFOS
999 _c133711
_d133711